Sławni ludzie według wskazówki #2 - Statystyki

Ogólne statystyki
  • Ten quiz został rozwiązany 41 razy
  • Średni wynik to 4 z 7
Statystyki odpowiedzi
Wskazówka Osoba % Poprawnych
Francuzki przewódca jakitak naprawde pomógł Polsce w swoim zdobywaniu niepodległośći w 1812 r. NapoleonBonaparte
91%
Polski nowelista, powieściopisarz i publicysta,laureata na nagrodę Nobla w dzielnicy literatury w 1905 r. Henryk Sienkiewicz
80%
Kapitan wyprawy, która płynęła na trzech statkach: „Santa María”, „Niña” i „Pinta” pod flagą Kastylii w poszukiwaniu zachodniej drogi morskiej do wschodniej Azji . Odkrywca całego kontynentu (Ameryki) Krzysztof Kolumb
80%
Następny prezydent Rosji po Włodzimirzu Leninie , komunista i człowiek z2 ulubionymi lub nieulubionymi wąsami po Leninie. Józef Stalin
77%
Król Franków i Longobardów,cesarz rzymski od 25 grudnia 800. Wnuk Karola Młota, syn Pepina Krótkiego z dynastii Karolingów i Bertrady z Laon – córki Heriberta, hrabiego Laon Karol Wielki
49%
Ostatni król Prus i cesarz niemiecki, dynastii Hohenzollernów Wilhelm II
26%
40 prezydent USA Ronald Wilson Reagan
23%
Nie znaleziono quizów pasujących do podanych kryteriów
Rozkład punktacji
Procent ludzi z każdym wynikiem
Percentyl według liczby udzielonych odpowiedzi
Twoja historia wyników
Nie rozwiązałeś tego quizu